Statistics for Countries by presidents quiz

Click here to take the quiz!

General Stats

  • This quiz has been taken 91 times
  • The average score is 11 of 15

Answer Stats

PresidentsCountries% Correct
Donald TrumpUnited States
99%
Xi JinpingChina
94%
Vladimir PoutineRussia
92%
François HollandeFrance
90%
Raúl CastroCuba
84%
Justin TrudeauCanada
82%
Shinzo AbeJapan
75%
Enrique Peña NietoMexico
72%
Theresa MayUnited Kingdom
71%
Frank-Walter SteinmeierGermany
70%
Recep Tayyip ErdoğanTurkey
68%
Pranab MukherjeeIndia
61%
Jacob ZumaSouth Africa
53%
Michel TemerBrazil
27%
Jovenel MoïseHaiti
15%

Score Distribution

Percentile by Number Answered

Percent of People with Each Score

Your Score History

You have not taken this quiz